MARC

LEADER 00000nam0a2200000 4500
001 208143
005 20231101225438.0
010 |a 0349116032 
035 |a (RuTPU)RU\TPU\book\227199 
090 |a 208143 
100 |a 20120201d2005 m y0engy50 ba 
101 0 |a eng 
102 |a GB 
105 |a a z 000ay 
200 1 |a Attention All Shipping. A Journey Round the Shipping Forecast  |f Ch. Connelly 
210 |a London  |c ABACUS  |d 2005 
215 |a 373 p.  |c il. 
225 1 |a A radio 4 book of the week 
606 1 |a Английский язык  |x Учебные руководства и пособия  |x Хрестоматии, книги для чтения  |2 stltpush  |3 (RuTPU)RU\TPU\subj\29075  |9 52487 
610 1 |a американская литература 
610 1 |a романы 
610 1 |a детективы 
610 1 |a триллеры 
686 |a Ш143.21-923.8  |v LBC/SL-A  |2 rubbk 
700 1 |a Connelly  |b Ch.  |g Charlie 
801 1 |a RU  |b 63413507  |c 20120201 
801 2 |a RU  |b 63413507  |c 20120208  |g RCR 
942 |c BK